Statistics for Municipalities of Sicily (with a map)

Click here to take the quiz!

General Stats

  • This quiz has been taken 743 times
  • The average score is 91 of 391

Answers on the Map

Answers color-coded by a green-red scale on the quiz's map according to % correct below.
 

Answer Stats

Comune% Correct
Palermo
94%
Catania
91%
Messina
86%
Siracusa
83%
Ragusa
81%
Trapani
81%
Agrigento
79%
Enna
77%
Caltanissetta
74%
Marsala
67%
Gela
63%
Corleone
60%
Taormina
60%
Noto
59%
Lipari
54%
Bagheria
53%
Pantelleria
52%
Caltagirone
51%
Vittoria
51%
Cefalù
50%
Mazara del Vallo
50%
Acireale
49%
Modica
49%
Erice
48%
Milazzo
48%
Sciacca
47%
Licata
45%
Paternò
45%
Alcamo
44%
Favignana
44%
Pachino
44%
Aci Castello
43%
Castellammare del Golfo
43%
Castelvetrano
43%
Monreale
43%
Augusta
42%
San Vito Lo Capo
42%
Termini Imerese
42%
Barcellona Pozzo di Gotto
41%
Nicosia
41%
Piazza Armerina
41%
Ustica
41%
Bronte
40%
Canicattì
40%
Niscemi
39%
Scicli
39%
Porto Empedocle
38%
Avola
37%
Capaci
37%
Giarre
37%
Lentini
36%
Partinico
36%
Misterbianco
35%
Patti
35%
Capo d'Orlando
34%
Giardini-Naxos
34%
Aci Catena
33%
Alì
33%
Carini
33%
Pozzallo
33%
Adrano
32%
Campobello di Mazara
31%
Cinisi
31%
Nicolosi
31%
Piana degli Albanesi
31%
Belpasso
30%
Leonforte
30%
Portopalo di Capo Passero
30%
Randazzo
30%
Sant'Agata di Militello
30%
Troina
30%
Comiso
29%
Partanna
29%
Ribera
29%
Sambuca di Sicilia
29%
Zafferana Etnea
29%
Biancavilla
28%
Gangi
28%
Lampedusa e Linosa
28%
Mussomeli
28%
Paceco
28%
Santa Croce Camerina
28%
Aci Sant'Antonio
27%
Gibellina
27%
Ispica
27%
Menfi
27%
Palma di Montechiaro
27%
Salemi
27%
Campobello di Licata
26%
Favara
26%
Ravanusa
26%
Santo Stefano di Camastra
26%
Acate
25%
Aragona
25%
Calatafimi Segesta
25%
Cammarata
25%
Fiumefreddo di Sicilia
25%
Isola delle Femmine
25%
Linguaglossa
25%
Melilli
25%
Riposto
25%
Rosolini
25%
San Cataldo
25%
Scordia
25%
Carlentini
24%
Castelbuono
24%
Floridia
24%
Francofonte
24%
Pedara
24%
Petralia Soprana
24%
Petrosino
24%
Tremestieri Etneo
24%
Balestrate
23%
Butera
23%
Caccamo
23%
Centuripe
23%
Ficarra
23%
Gravina di Catania
23%
Letojanni
23%
Mascali
23%
Milo
23%
Misilmeri
23%
Mistretta
23%
Montalbano Elicona
23%
Palagonia
23%
Palazzolo Acreide
23%
Petralia Sottana
23%
Poggioreale
23%
Priolo Gargallo
23%
Riesi
23%
Terrasini
23%
Trecastagni
23%
Agira
22%
Camastra
22%
Casteltermini
22%
Catenanuova
22%
Mascalucia
22%
Mazzarino
22%
Militello in Val di Catania
22%
Naro
22%
Regalbuto
22%
San Giuseppe Jato
22%
Siculiana
22%
Tusa
22%
Valderice
22%
Vizzini
22%
Buscemi
21%
Canicattini Bagni
21%
Castiglione di Sicilia
21%
Floresta
21%
Grammichele
21%
Pietraperzia
21%
Racalmuto
21%
Raffadali
21%
San Giovanni la Punta
21%
Santa Ninfa
21%
Sortino
21%
Sperlinga
21%
Trabia
21%
Trappeto
21%
Villabate
21%
Aidone
20%
Alia
20%
Barrafranca
20%
Brolo
20%
Buccheri
20%
Calatabiano
20%
Caltabellotta
20%
Caronia
20%
Chiaramonte Gulfi
20%
Falcone
20%
Ferla
20%
Ficarazzi
20%
Francavilla di Sicilia
20%
Gioiosa Marea
20%
Leni
20%
Mineo
20%
Monterosso Almo
20%
Motta Sant'Anastasia
20%
Naso
20%
Piedimonte Etneo
20%
Polizzi Generosa
20%
Raddusa
20%
Ramacca
20%
Sant'Agata li Battiati
20%
Sommatino
20%
Sutera
20%
Tortorici
20%
Viagrande
20%
Villafranca Tirrena
20%
Aci Bonaccorsi
19%
Calascibetta
19%
Capizzi
19%
Capri Leone
19%
Cesarò
19%
Custonaci
19%
Giarratana
19%
Itala
19%
Maletto
19%
Malfa
19%
Misiliscemi
19%
Novara di Sicilia
19%
Oliveri
19%
Pollina
19%
Ragalna
19%
Resuttano
19%
Santa Maria di Licodia
19%
Spadafora
19%
Torregrotta
19%
Valguarnera Caropepe
19%
Villalba
19%
Alì Terme
18%
Campofelice di Roccella
18%
Camporeale
18%
Castelmola
18%
Delia
18%
Gaggi
18%
Geraci Siculo
18%
Mazzarrone
18%
Montelepre
18%
Nizza di Sicilia
18%
Prizzi
18%
Roccalumera
18%
Santa Caterina Villarmosa
18%
Santa Flavia
18%
Santa Teresa di Riva
18%
Scaletta Zanclea
18%
Valverde
18%
Vita
18%
Altavilla Milicia
17%
Belmonte Mezzagno
17%
Bisacquino
17%
Casteldaccia
17%
Cattolica Eraclea
17%
Furnari
17%
Galati Mamertino
17%
Lercara Friddi
17%
Maniace
17%
Marianopoli
17%
Motta d'Affermo
17%
Palazzo Adriano
17%
Realmonte
17%
Rometta
17%
San Cono
17%
San Filippo del Mela
17%
San Fratello
17%
San Giovanni Gemini
17%
San Gregorio di Catania
17%
Sant'Alessio Siculo
17%
Santa Margherita di Belice
17%
Santa Marina Salina
17%
Santo Stefano Quisquina
17%
Saponara
17%
Savoca
17%
Serradifalco
17%
Terme Vigliatore
17%
Vallelunga Pratameno
17%
Acquaviva Platani
16%
Alessandria della Rocca
16%
Bompensiere
16%
Camporotondo Etneo
16%
Castel di Lucio
16%
Contessa Entellina
16%
Licodia Eubea
16%
Marineo
16%
Milena
16%
Nissoria
16%
San Michele di Ganzaria
16%
Santa Lucia del Mela
16%
Santa Venerina
16%
Solarino
16%
Tripi
16%
Ucria
16%
Venetico
16%
Acquedolci
15%
Antillo
15%
Bivona
15%
Bolognetta
15%
Burgio
15%
Buseto Palizzolo
15%
Caltavuturo
15%
Cassaro
15%
Castel di Iudica
15%
Castell'Umberto
15%
Castronovo di Sicilia
15%
Castroreale
15%
Cerami
15%
Chiusa Sclafani
15%
Cianciana
15%
Forza d'Agrò
15%
Graniti
15%
Grotte
15%
Joppolo Giancaxio
15%
Malvagna
15%
Montedoro
15%
Montevago
15%
Pace del Mela
15%
Roccafiorita
15%
Roccapalumba
15%
Roccella Valdemone
15%
Rodì Milici
15%
Salaparuta
15%
San Piero Patti
15%
San Pietro Clarenza
15%
Santa Domenica Vittoria
15%
Sant'Alfio
15%
Sant'Angelo di Brolo
15%
San Teodoro
15%
Sciara
15%
Sinagra
15%
Torrenova
15%
Villarosa
15%
Alimena
14%
Altofonte
14%
Assoro
14%
Basicò
14%
Campofranco
14%
Castrofilippo
14%
Cefalà Diana
14%
Cerda
14%
Ciminna
14%
Collesano
14%
Comitini
14%
Fiumedinisi
14%
Fondachelli-Fantina
14%
Furci Siculo
14%
Gagliano Castelferrato
14%
Gallodoro
14%
Limina
14%
Lucca Sicula
14%
Mezzojuso
14%
Mirabella Imbaccari
14%
Monforte San Giorgio
14%
Mongiuffi Melia
14%
Montallegro
14%
Motta Camastra
14%
Raccuja
14%
Reitano
14%
Roccamena
14%
San Biagio Platani
14%
San Mauro Castelverde
14%
Santa Elisabetta
14%
Sant'Angelo Muxaro
14%
Sclafani Bagni
14%
Torretta
14%
Valledolmo
14%
Alcara Li Fusi
13%
Calamonaci
13%
Campofiorito
13%
Casalvecchio Siculo
13%
Castellana Sicula
13%
Condrò
13%
Giardinello
13%
Gratteri
13%
Mandanici
13%
Mazzarrà  Sant'Andrea
13%
Merì
13%
Militello Rosmarino
13%
Mojo Alcantara
13%
Pagliara
13%
Roccavaldina
13%
San Marco d'Alunzio
13%
San Pier Niceto
13%
Valdina
13%
Ventimiglia di Sicilia
13%
Baucina
12%
Blufi
12%
Borgetto
12%
Campofelice di Fitalia
12%
Frazzanò
12%
Giuliana
12%
Gualtieri Sicaminò
12%
Isnello
12%
Lascari
12%
Longi
12%
Mirto
12%
Montagnareale
12%
Pettineo
12%
Piraino
12%
San Salvatore di Fitalia
12%
Santa Cristina Gela
12%
Scillato
12%
Vicari
12%
Villafranca Sicula
12%
Aliminusa
11%
Godrano
11%
Librizzi
11%
Montemaggiore Belsito
11%
Bompietro
10%
San Cipirello
10%
Villafrati
10%

Score Distribution

Percentile by Number Answered

Percent of People with Each Score

Your Score History

You have not taken this quiz